Glückstest - Statistiken

Allgemein
  • Dieses Quiz wurde 4.425 mal gespielt
  • Das Durchschnittsergebnis liegt bei 2 aus 15
Answers on the Grid
Answers color-coded by a green-red scale on the quiz's grid according to % correct below.
Glück
Glück
Glück
Glück
Glück
Glück
Glück
Glück
Glück
Glück
Glück
Glück
Glück
Glück
Glück
Glück
Glück
Glück
Glück
Glück
Glück
Glück
Glück
Glück
Glück
Glück
Glück
Glück
Glück
Glück
 
Antwortstatistiken
Antwort % Korrekt
Glück
15%
Glück
14%
Glück
14%
Glück
13%
Glück
13%
Glück
13%
Glück
13%
Glück
13%
Glück
13%
Glück
12%
Glück
12%
Glück
12%
Glück
12%
Glück
10%
Glück
10%
Keine übereinstimmenden Quizze gefunden
Verteilung der Resultate
Anzahl Personen mit jedem Resultat
Perzentil nach korrekt beantworteten Fragen
Ihre Resultats-Entwicklung
Sie haben dieses Quiz noch nicht gespielt